01325cam a22002775i 45000010009000000050017000090080041000260100017000670200018000840200018001020200018001200420008001380820016001461000019001622450033001812500008002142600024002222630009002462640036002553000023002913360026003143370028003403380027003685200565003956500087009602289278720250404163816.0221206s2023 flu 000 0 eng  a 2022951177 a9781032126579 a9781032126586 z9781003225607 apcc a005.758 SHA1 aSharma, Kapil,10aBlockchain: a Hype or a Hoax a1st aUKbCRC Pressc2023 a2312 1aBoca Raton :bCRC Press,c2023. a261;. pages: 23 cm atextbtxt2rdacontent aunmediatedbn2rdamedia avolumebnc2rdacarrier a"This book will provide a guidance on how to create a Blockchain strategy, business case to pitch for the budget, a case study to apply the knowledge on practical use cases for Blockchain and also a technical overview of most of the Blockchain use cases in the market. The distinctive feature of this book will be critical analysis of Blockchain from technology and business perspective. This book will be aimed at Technology students, Technology professionals, Blockchain and fintech consultants, Business leaders and anyone who is fascinated by Blockchain"-- aBlockchains (Databases)-Government Policy; Internet Governance; Technology and Law